| 000 | 00764nam a2200193 i 4500 | ||
|---|---|---|---|
| 001 | 134612 | ||
| 003 | ES-MaACL | ||
| 005 | 20230906194718.0 | ||
| 007 | t| | ||
| 008 | 070912s1953 sp ||||1| spa d | ||
| 100 | 1 |
_aWild, Roger. _9116819 |
|
| 245 | 1 | 0 |
_aIniciación a la música para los aficionados a la música y a la radio... / _cbajo la dirección de Roger Wild ; traducida... por el R. P. Germán Prado ; ampliada según la tercera edición... por María Teresa de Llanos Mac-Mahon. |
| 250 | _a2ª ed. española. | ||
| 260 |
_aMadrid : _bEspasa-Calpe, _c1953. |
||
| 300 |
_a503 p., 11 h. de lám. : _bil. ; _c21 cm. |
||
| 700 | 1 |
_aPrado, Germán. _993608 |
|
| 700 | 1 |
_aLlanos Mac-Mahon, María Teresa de. _972716 |
|
| 852 |
_aES-MaACL _jD-9270 _bR.33974 |
||
| 999 |
_c134612 _d134612 |
||